Music Quiz

Random Music or Testament Quiz

Testament Lyrics Quiz Stats

Quiz not verified by Sporcle

Challenge
Share
Tweet
Embed
Score 0/203 Timer 10:00
0 Plays Today
Answer % Correct
a
78.6%
in
78.6%
the
78.6%
in
78.6%
a
78.6%
in
78.6%
the
78.6%
the
78.6%
the
78.6%
the
78.6%
the
78.6%
in
78.6%
and
78.6%
and
78.6%
and
78.6%
in
78.6%
the
78.6%
the
78.6%
and
78.6%
the
78.6%
in
78.6%
the
78.6%
the
78.6%
the
78.6%
the
78.6%
me
71.4%
me
71.4%
me
71.4%
me
71.4%
of
64.3%
of
64.3%
of
64.3%
of
64.3%
of
64.3%
for
57.1%
my
57.1%
life
57.1%
life
57.1%
my
57.1%
life
57.1%
for
57.1%
my
57.1%
my
57.1%
for
57.1%
my
57.1%
life
57.1%
for
57.1%
my
57.1%
you
57.1%
for
57.1%
my
57.1%
for
57.1%
my
57.1%
life
57.1%
for
57.1%
on
50%
on
50%
go
50%
or
42.9%
this
42.9%
wall
42.9%
dark
42.9%
I
42.9%
I
42.9%
wall
42.9%
this
42.9%
or
42.9%
this
42.9%
Answer % Correct
wall
42.9%
dark
42.9%
this
42.9%
over
42.9%
wall
42.9%
I
42.9%
I
42.9%
I
42.9%
over
42.9%
wall
42.9%
I
42.9%
or
42.9%
this
42.9%
wall
42.9%
dark
42.9%
over
42.9%
wall
42.9%
rest
35.7%
escape
35.7%
is
35.7%
out
35.7%
to
35.7%
that
35.7%
is
35.7%
all
35.7%
is
35.7%
to
35.7%
night
35.7%
to
35.7%
that
35.7%
no
35.7%
to
35.7%
to
35.7%
rest
35.7%
to
35.7%
that
35.7%
escape
35.7%
I've
28.6%
been
28.6%
prisoner
28.6%
trapped
28.6%
by
28.6%
fear
28.6%
jail
28.6%
cell
28.6%
only
28.6%
way
28.6%
self
28.6%
destruction
28.6%
construction
28.6%
freedom
28.6%
self
28.6%
destruction
28.6%
construction
28.6%
freedom
28.6%
way
28.6%
will
28.6%
will
28.6%
cell
28.6%
will
28.6%
it
28.6%
will
28.6%
self
28.6%
destruction
28.6%
construction
28.6%
freedom
28.6%
ordered
21.4%
condemned
21.4%
Answer % Correct
ain't
21.4%
seen
21.4%
years
21.4%
restart
21.4%
climb
21.4%
holding
21.4%
quest
21.4%
beckons
21.4%
sanity
21.4%
but
21.4%
patience
21.4%
growing
21.4%
very
21.4%
weak
21.4%
need
21.4%
get
21.4%
myself
21.4%
at
21.4%
right
21.4%
time
21.4%
come
21.4%
must
21.4%
occur
21.4%
restart
21.4%
climb
21.4%
holding
21.4%
quest
21.4%
beckons
21.4%
one
21.4%
now
21.4%
I'm
21.4%
I'm
21.4%
hell
21.4%
not
21.4%
not
21.4%
until
21.4%
if
21.4%
caught
21.4%
try
21.4%
restart
21.4%
climb
21.4%
holding
21.4%
quest
21.4%
beckons
21.4%
gone
14.3%
stare
14.3%
has
14.3%
stand
14.3%
I'll
14.3%
run
14.3%
straight
14.3%
through
14.3%
there's
14.3%
stop
14.3%
loose
14.3%
ready
14.3%
start
14.3%
torture
14.3%
town
14.3%
search
14.3%
hounds
14.3%
am
14.3%
back
14.3%
am
14.3%
again
14.3%
stop
14.3%
ahold
7.1%

You're not logged in!

Compare scores with friends on all Sporcle quizzes.
Join for Free
OR
Log In

You Might Also Like...

Show Comments

Extras

Top Quizzes Today


Score Distribution

Your Account Isn't Verified!

In order to create a playlist on Sporcle, you need to verify the email address you used during registration. Go to your Sporcle Settings to finish the process.

Report this User

Report this user for behavior that violates our Community Guidelines.

Details: